[Event "San Martin"]
[Site "San Martin"]
[Date "1993.??.??"]
[Round "2"]
[White "Spangenberg, Hugo"]
[Black "Rodriguez Vila, Andres"]
[Result "1/2-1/2"]
[WhiteElo "2535"]
[BlackElo "2405"]
[PlyCount "109"]
[EventDate "1993.05.??"]
[EventType "tourn"]
[EventRounds "11"]
[EventCountry "ARG"]
[EventCategory "8"]
[SourceTitle "CBM 037 Extra"]
[Source "ChessBase"]
[SourceDate "1994.01.01"]
[SourceVersion "1"]
[SourceVersionDate "1994.01.01"]
[SourceQuality "1"]

1. e4 e6 2. d4 d5 3. Nd2 Nf6 4. Bd3 c5 5. e5 Nfd7 6. c3 Nc6 7. Ne2 cxd4 8. cxd4
f6 9. exf6 Nxf6 10. Nf3 Bd6 11. O-O Qc7 12. Ng3 Bd7 13. Bd2 O-O 14. Rc1 g6 15.
Bc3 Ng4 16. b4 a6 17. a4 Qb6 18. Rb1 Rae8 19. b5 axb5 20. axb5 Na5 21. Ne5 Bxe5
22. Qxg4 Bg7 23. h4 Rf7 24. Qd1 Rc8 25. Ba1 Rf4 26. h5 Bxd4 27. Bxd4 Rxd4 28.
hxg6 hxg6 29. Qd2 Be8 30. Rfd1 Rg4 31. Nf1 Nc4 32. Qh6 Ne5 33. Be2 Re4 34. Ng3
Ng4 35. Bxg4 Rxg4 36. Rb3 Rc7 37. Rf3 Rf7 38. Rxf7 Bxf7 39. Rc1 Rc4 40. Ra1 Rc8
41. Ra4 Qc5 42. Ne2 Qf8 43. Qg5 Qg7 44. Rg4 e5 45. Ng3 Rc4 46. Rxc4 dxc4 47.
Ne4 Be6 48. Nc5 Bf7 49. Nd7 Be8 50. Nf6+ Kf7 51. Ne4 Ke6 52. Qd8 Qe7 53. Ng5+
Kf6 54. Ne4+ Ke6 55. Ng5+ 1/2-1/2

[Event "San Martin"]
[Site "San Martin"]
[Date "1993.??.??"]
[Round "3"]
[White "Rodriguez Vila, Andres"]
[Black "Rubinetti, Jorge Alberto"]
[Result "0-1"]
[WhiteElo "2405"]
[BlackElo "2455"]
[PlyCount "102"]
[EventDate "1993.05.??"]
[EventType "tourn"]
[EventRounds "11"]
[EventCountry "ARG"]
[EventCategory "8"]
[SourceTitle "CBM 037 Extra"]
[Source "ChessBase"]
[SourceDate "1994.01.01"]
[SourceVersion "1"]
[SourceVersionDate "1994.01.01"]
[SourceQuality "1"]

1. e4 e5 2. Nf3 Nc6 3. Bb5 a6 4. Ba4 Nf6 5. d4 exd4 6. O-O Be7 7. Re1 b5 8. e5
Nxe5 9. Nxe5 bxa4 10. Qxd4 O-O 11. Bg5 Rb8 12. Nd2 h6 13. Bh4 c5 14. Qd3 Rb6
15. Ndc4 Re6 16. f4 a5 17. f5 Ra6 18. Bxf6 Rxf6 19. Ng4 d5 20. Nxf6+ Bxf6 21.
Ne5 c4 22. Qf3 Qb6+ 23. Kh1 Qxb2 24. Qxd5 Bb7 25. Qxc4 Bxe5 26. Rab1 Qc3 27.
Qxc3 Bxc3 28. Re3 Bd2 29. Rd3 Bb4 30. a3 Ba6 31. axb4 Bxd3 32. cxd3 axb4 33.
Rxb4 Ra8 34. Kg1 a3 35. Rb1 Kf8 36. Kf2 a2 37. Ra1 Ke7 38. Ke3 Kd6 39. Ke4 h5
40. g3 Ra4+ 41. d4 f6 42. h3 Ra3 43. g4 h4 44. Kf4 Kd5 45. g5 Kxd4 46. gxf6
gxf6 47. Kg4 Kc3 48. Kxh4 Kb2 49. Rxa2+ Kxa2 50. Kh5 Rxh3+ 51. Kg4 Kb3 0-1

[Event "San Martin"]
[Site "San Martin"]
[Date "1993.??.??"]
[Round "5"]
[White "Rodriguez Vila, Andres"]
[Black "Szmetan, Jorge"]
[Result "1-0"]
[WhiteElo "2405"]
[BlackElo "2415"]
[PlyCount "91"]
[EventDate "1993.05.??"]
[EventType "tourn"]
[EventRounds "11"]
[EventCountry "ARG"]
[EventCategory "8"]
[SourceTitle "CBM 037 Extra"]
[Source "ChessBase"]
[SourceDate "1994.01.01"]
[SourceVersion "1"]
[SourceVersionDate "1994.01.01"]
[SourceQuality "1"]

1. e4 e5 2. Nf3 Nc6 3. Bb5 Nf6 4. d4 Nxe4 5. dxe5 d5 6. O-O Be7 7. c4 dxc4 8.
Nd4 Bd7 9. Nxc6 bxc6 10. Bxc4 O-O 11. Be3 Be6 12. Bxe6 fxe6 13. Qc2 Qd5 14. Nc3
Nxc3 15. Qxc3 Rfd8 16. Rfc1 Qb5 17. Rc2 a5 18. g3 Ra6 19. a4 Qb4 20. Qxb4 axb4
21. Rac1 Kf7 22. Rxc6 Rd1+ 23. Rxd1 Rxc6 24. Rc1 Rxc1+ 25. Bxc1 Ke8 26. Kg2 Kd7
27. Kf3 c5 28. b3 Kc6 29. Ke4 h5 30. h3 g6 31. Kd3 Kd5 32. a5 Bd8 33. a6 Bb6
34. Bg5 Ba7 35. f4 Bb6 36. Be7 Ba7 37. Bd8 Kc6 38. Kc4 Bb8 39. Be7 Ba7 40. Bd6
Bb6 41. Bb8 Bd8 42. a7 Kb7 43. Kxc5 Be7+ 44. Kb5 g5 45. Bd6 h4 46. gxh4 1-0

[Event "San Martin"]
[Site "San Martin"]
[Date "1993.??.??"]
[Round "6"]
[White "Scarella, Enrique Alejandro"]
[Black "Rodriguez Vila, Andres"]
[Result "0-1"]
[WhiteElo "2410"]
[BlackElo "2405"]
[PlyCount "62"]
[EventDate "1993.05.??"]
[EventType "tourn"]
[EventRounds "11"]
[EventCountry "ARG"]
[EventCategory "8"]
[SourceTitle "CBM 037 Extra"]
[Source "ChessBase"]
[SourceDate "1994.01.01"]
[SourceVersion "1"]
[SourceVersionDate "1994.01.01"]
[SourceQuality "1"]

1. c4 e6 2. Nf3 Nf6 3. g3 c5 4. Bg2 Nc6 5. O-O d5 6. cxd5 exd5 7. d4 Bg4 8. Ne5
Be6 9. Nxc6 bxc6 10. Nc3 cxd4 11. Qxd4 Be7 12. Na4 O-O 13. Be3 Qa5 14. Nc5 Nd7
15. Nxe6 fxe6 16. Bh3 Bf6 17. Bxe6+ Kh8 18. Qd3 Ne5 19. Qc3 Nf3+ 20. exf3 Bxc3
21. bxc3 Rxf3 22. Bd4 Rff8 23. Rfe1 Rae8 24. Bd7 Rxe1+ 25. Rxe1 c5 26. Be5 Qxa2
27. f4 d4 28. Be6 Qd2 29. Ra1 Ra8 30. Bd5 dxc3 31. Bxa8 c2 0-1

[Event "San Martin"]
[Site "San Martin"]
[Date "1993.??.??"]
[Round "10"]
[White "Rodriguez Vila, Andres"]
[Black "Soppe, Guillermo"]
[Result "0-1"]
[WhiteElo "2405"]
[BlackElo "2460"]
[PlyCount "66"]
[EventDate "1993.05.??"]
[EventType "tourn"]
[EventRounds "11"]
[EventCountry "ARG"]
[EventCategory "8"]
[SourceTitle "CBM 037 Extra"]
[Source "ChessBase"]
[SourceDate "1994.01.01"]
[SourceVersion "1"]
[SourceVersionDate "1994.01.01"]
[SourceQuality "1"]

1. e4 Nf6 2. e5 Nd5 3. Nc3 Nxc3 4. bxc3 d5 5. f4 c5 6. Nf3 Nc6 7. c4 d4 8. g3
e6 9. d3 b6 10. Bg2 Bb7 11. O-O Be7 12. Qe2 Qc7 13. g4 O-O-O 14. Bh3 Kb8 15. f5
h6 16. Bf4 Bg5 17. Bg3 Be3+ 18. Kh1 h5 19. fxe6 h4 20. Bf2 Bf4 21. Kg1 fxe6 22.
Rae1 g5 23. Bg2 h3 24. Bh1 Rdf8 25. Bg3 Be3+ 26. Bf2 Rf4 27. Bxe3 dxe3 28. Qxe3
Rxg4+ 29. Kf2 Nd4 30. c3 Nxf3 31. Bxf3 Bxf3 32. Kxf3 Rg2 33. Qe4 Rh4 0-1

[Event "Villa Ballester op"]
[Site "Villa Ballester"]
[Date "1994.??.??"]
[Round "6"]
[White "Rodriguez Vila, Andres"]
[Black "Quinteros, Miguel Angel"]
[Result "1-0"]
[WhiteElo "2350"]
[BlackElo "2510"]
[PlyCount "76"]
[EventDate "1994.??.??"]
[EventType "swiss"]
[EventRounds "7"]
[EventCountry "ARG"]
[SourceTitle "EXT 1997"]
[Source "ChessBase"]
[SourceDate "1996.11.15"]
[SourceVersion "1"]
[SourceVersionDate "1996.11.15"]
[SourceQuality "1"]

1. e4 c5 2. Nf3 e6 3. d4 cxd4 4. Nxd4 a6 5. Nc3 Qc7 6. g3 Bb4 7. Nde2 Nf6 8.
Bg2 Be7 9. Nf4 b5 10. Qe2 Bb7 11. Be3 O-O 12. O-O Nc6 13. Nd3 Na5 14. Bf4 d6
15. a4 Qc4 16. axb5 axb5 17. Bd2 b4 18. b3 Qd4 19. Nxb4 Qxb4 20. Nd5 Nxd5 21.
Bxb4 Nxb4 22. Qb5 Nbc6 23. b4 Ba6 24. Qa4 Bxf1 25. Rxf1 Rfc8 26. bxa5 Rxa5 27.
Qb3 Rc5 28. Qb7 Rb8 29. Qc7 Kf8 30. Ra1 Ke8 31. Bf1 Rb2 32. Ra8+ Nd8 33. Qa7
Rb4 34. Ba6 Re5 35. Bd3 Rc5 36. Qa3 Rb7 37. Qa6 Rb4 38. Qa3 Rb6 1-0

[Event "Villa Ballester op"]
[Site "Villa Ballester"]
[Date "1994.??.??"]
[Round "7"]
[White "Valerga, Diego"]
[Black "Rodriguez Vila, Andres"]
[Result "1/2-1/2"]
[WhiteElo "2430"]
[BlackElo "2350"]
[PlyCount "141"]
[EventDate "1994.??.??"]
[EventType "swiss"]
[EventRounds "7"]
[EventCountry "ARG"]
[SourceTitle "EXT 1997"]
[Source "ChessBase"]
[SourceDate "1996.11.15"]
[SourceVersion "1"]
[SourceVersionDate "1996.11.15"]
[SourceQuality "1"]

1. Nf3 Nf6 2. g3 c5 3. Bg2 Nc6 4. c4 g6 5. d4 cxd4 6. Nxd4 Qb6 7. Nc2 Bg7 8.
O-O Ne5 9. Nd2 d6 10. Ne3 Bd7 11. h3 O-O 12. b3 e6 13. Rb1 Bc6 14. Bb2 Nh5 15.
Bxc6 bxc6 16. Rc1 d5 17. Ng2 f5 18. Bxe5 Bxe5 19. e3 Rac8 20. Nf4 Ng7 21. Qc2
Qb8 22. Nf3 Bf6 23. Ne2 e5 24. Rfd1 Qb7 25. Qd2 Rcd8 26. Qa5 Ne6 27. Nc3 e4 28.
cxd5 cxd5 29. Nxd5 Rxd5 30. Qxd5 Qxd5 31. Rxd5 exf3 32. h4 Rf7 33. Rc8+ Kg7 34.
b4 Rb7 35. b5 Kf7 36. a4 Be7 37. a5 Bb4 38. a6 Re7 39. b6 axb6 40. Rb8 Bc5 41.
Rb7 Nc7 42. a7 Na8 43. Rd8 Rxb7 44. Rxa8 Re7 45. Rf8+ Kxf8 46. a8=Q+ Kg7 47.
Qxf3 Re4 48. Qd1 h5 49. Kg2 Kf6 50. Qd8+ Kf7 51. Kf3 Rb4 52. Qd7+ Kf6 53. Qe8
Re4 54. Qc6+ Kf7 55. Ke2 Re6 56. Qc8 Re4 57. Kd3 Kf6 58. Qg8 Re6 59. Kc4 Re4+
60. Kd5 Re5+ 61. Kc6 Re6+ 62. Kb5 Re4 63. Qd8+ Kf7 64. Qd5+ Kf6 65. Qg8 Re6 66.
Qd8+ Kf7 67. Qh8 Re4 68. Qh7+ Kf6 69. Qh6 Re6 70. f3 Bxe3 71. Qf8+ 1/2-1/2

[Event "Villa Gesell tt"]
[Site "Villa Gesell"]
[Date "1994.??.??"]
[Round "?"]
[White "Soppe, Guillermo"]
[Black "Rodriguez Vila, Andres"]
[Result "1-0"]
[WhiteElo "2430"]
[BlackElo "2435"]
[PlyCount "91"]
[EventDate "1994.??.??"]
[EventType "team"]
[EventRounds "9"]
[EventCountry "ARG"]
[SourceTitle "EXT 2004"]
[Source "ChessBase"]
[SourceDate "2003.11.25"]
[SourceVersion "1"]
[SourceVersionDate "2003.11.25"]
[SourceQuality "1"]

1. d4 Nf6 2. c4 e6 3. Nf3 Bb4+ 4. Bd2 Qe7 5. g3 Nc6 6. Nc3 d6 7. d5 exd5 8.
Nxd5 Nxd5 9. cxd5 Ne5 10. Nxe5 Bxd2+ 11. Qxd2 dxe5 12. Bg2 O-O 13. O-O Rd8 14.
Qc3 Bg4 15. Rac1 Rac8 16. Qe3 b6 17. f4 f6 18. Rc4 Bd7 19. fxe5 fxe5 20. Rfc1
Bb5 21. R4c2 Qd6 22. Qa3 Qxa3 23. bxa3 a5 24. Bf3 Kf8 25. Rxc7 Rxc7 26. Rxc7 e4
27. Bxe4 Bxe2 28. Kf2 Re8 29. Ke3 b5 30. Kd4 h6 31. Bf5 a4 32. Bg6 Rd8 33. Rf7+
Kg8 34. Re7 Bc4 35. Re8+ Rxe8 36. Bxe8 Kf8 37. Bc6 Ke7 38. Kc5 Bxa2 39. Bxb5
Bb3 40. d6+ Kd8 41. Kb4 g5 42. Bxa4 Be6 43. Bc6 h5 44. h4 gxh4 45. gxh4 Kc8 46.
Kc5 1-0

[Event "ARG-World"]
[Site "Buenos Aires"]
[Date "1994.??.??"]
[Round "1"]
[White "Scarella, Enrique Alejandro"]
[Black "Rodriguez Vila, Andres"]
[Result "0-1"]
[WhiteElo "2405"]
[BlackElo "2435"]
[PlyCount "94"]
[EventDate "1994.04.??"]
[EventType "schev"]
[EventRounds "10"]
[EventCountry "ARG"]
[SourceTitle "CBM 042"]
[Source "ChessBase"]
[SourceDate "1994.10.01"]
[SourceVersion "1"]
[SourceVersionDate "1994.10.01"]
[SourceQuality "1"]

1. d4 e6 2. c4 Bb4+ 3. Bd2 Qe7 4. g3 Nc6 5. Nf3 Nf6 6. Bg2 Bxd2+ 7. Nbxd2 d6 8.
O-O a5 9. e4 e5 10. d5 Nb8 11. Ne1 h5 12. h4 O-O 13. Nd3 Na6 14. Qc2 Bg4 15.
Rfe1 Rfc8 16. Rac1 c6 17. Qb3 Ne8 18. Nf1 Bd7 19. Ne3 g6 20. Qc3 Nec7 21. c5
Nxc5 22. Nxc5 Nb5 23. Qc4 dxc5 24. Qxc5 Qe8 25. d6 Qe6 26. Nc4 Re8 27. Rcd1 a4
28. Bf1 Rad8 29. Nb6 Nd4 30. Rxd4 exd4 31. Qxd4 c5 32. Qxc5 Bc6 33. d7 Bxd7 34.
Bc4 Qc6 35. Qd4 Be6 36. Nd5 Bxd5 37. Bxd5 Qa6 38. Rc1 Re7 39. Rc3 Qd6 40. Qxa4
Kg7 41. Rf3 Rdd7 42. Qd4+ f6 43. Rb3 Rc7 44. Kg2 Rc2 45. Rb6 Rc6 46. Rb4 Rc5
47. Qd3 Rxd5 0-1

[Event "ARG-World"]
[Site "Buenos Aires"]
[Date "1994.??.??"]
[Round "2"]
[White "Rodriguez Vila, Andres"]
[Black "Hoffman, Alejandro"]
[Result "1-0"]
[WhiteElo "2435"]
[BlackElo "2540"]
[PlyCount "71"]
[EventDate "1994.04.??"]
[EventType "schev"]
[EventRounds "10"]
[EventCountry "ARG"]
[SourceTitle "CBM 042"]
[Source "ChessBase"]
[SourceDate "1994.10.01"]
[SourceVersion "1"]
[SourceVersionDate "1994.10.01"]
[SourceQuality "1"]

1. e4 e5 2. Nf3 d6 3. Bc4 Be7 4. d4 exd4 5. Nxd4 Nf6 6. Nc3 O-O 7. O-O a6 8. a4
c5 9. Nb3 Be6 10. Qe2 Nc6 11. Rd1 Qc8 12. h3 Bxc4 13. Qxc4 Nb4 14. Nd5 Nbxd5
15. exd5 Re8 16. Ra3 Bf8 17. Nd2 Qf5 18. Rb3 Nxd5 19. g4 Qe6 20. Rxb7 Qe2 21.
Qxe2 Rxe2 22. Nb3 Nf6 23. Na1 Re4 24. a5 h5 25. g5 Nd5 26. Kg2 Ne7 27. Nb3 g6
28. Rb6 Ra4 29. Rdxd6 c4 30. Rd4 Nf5 31. Rf4 cxb3 32. Rxa4 bxc2 33. Rc4 Re8 34.
Rxc2 Nh4+ 35. Kf1 Nf3 36. Be3 1-0

[Event "ARG-World"]
[Site "Buenos Aires"]
[Date "1994.??.??"]
[Round "3"]
[White "Rodriguez Vila, Andres"]
[Black "Ricardi, Pablo"]
[Result "1/2-1/2"]
[WhiteElo "2435"]
[BlackElo "2470"]
[PlyCount "133"]
[EventDate "1994.04.??"]
[EventType "schev"]
[EventRounds "10"]
[EventCountry "ARG"]
[SourceTitle "CBM 042"]
[Source "ChessBase"]
[SourceDate "1994.10.01"]
[SourceVersion "1"]
[SourceVersionDate "1994.10.01"]
[SourceQuality "1"]

1. e4 c6 2. d4 d5 3. Nd2 dxe4 4. Nxe4 Bf5 5. Ng3 Bg6 6. h4 h6 7. Nf3 Nd7 8. h5
Bh7 9. Bd3 Bxd3 10. Qxd3 Ngf6 11. Bf4 Qa5+ 12. Bd2 Qc7 13. O-O-O e6 14. Qe2
O-O-O 15. Ne5 Nxe5 16. dxe5 Nd7 17. f4 Be7 18. Qf2 Nc5 19. a3 Rd5 20. b4 Na4
21. Qxa7 Nb6 22. Ne4 Nc4 23. Nc3 Rd7 24. Be3 Rhd8 25. Na4 Rxd1+ 26. Rxd1 Rxd1+
27. Kxd1 Bd8 28. Ke2 Nxe3 29. Kxe3 Qb8 30. Qc5 Qa8 31. Nc3 Qxa3 32. Kd2 Qa6 33.
Ne2 Qb6 34. Qf8 Qb5 35. Qxf7 Qxb4+ 36. Kd1 Qc4 37. Qxg7 Qd5+ 38. Kc1 Qc4 39.
Qg4 Ba5 40. Qf3 Qa2 41. c3 Bb6 42. Qd3 Qa1+ 43. Kd2 Qa2+ 44. Kc1 Qa1+ 45. Qb1
Be3+ 46. Kc2 Qa6 47. Qe1 Bxf4 48. Nxf4 Qa4+ 49. Kd3 Qxf4 50. Qe2 Kc7 51. g4
Qg3+ 52. Kc2 b5 53. Qe4 Qf2+ 54. Kc1 c5 55. Qd3 Qg1+ 56. Kc2 Qh2+ 57. Qd2 Qxe5
58. Qxh6 Qe4+ 59. Kd2 Qxg4 60. Qh7+ Kc6 61. h6 Qg2+ 62. Kc1 Qh1+ 63. Kd2 Qh2+
64. Kc1 Qf4+ 65. Kc2 Qf2+ 66. Kc1 Qe3+ 67. Kc2 1/2-1/2

[Event "ARG-World"]
[Site "Buenos Aires"]
[Date "1994.??.??"]
[Round "5"]
[White "Rodriguez Vila, Andres"]
[Black "Panno, Oscar"]
[Result "1/2-1/2"]
[WhiteElo "2435"]
[BlackElo "2520"]
[PlyCount "90"]
[EventDate "1994.04.??"]
[EventType "schev"]
[EventRounds "10"]
[EventCountry "ARG"]
[SourceTitle "CBM 042"]
[Source "ChessBase"]
[SourceDate "1994.10.01"]
[SourceVersion "1"]
[SourceVersionDate "1994.10.01"]
[SourceQuality "1"]

1. e4 e6 2. d4 d5 3. Nd2 dxe4 4. Nxe4 Bd7 5. c4 Nf6 6. Nc3 c5 7. d5 exd5 8.
cxd5 Bd6 9. Bd3 O-O 10. Nge2 Re8 11. Bg5 h6 12. Bh4 Na6 13. Qd2 Nb4 14. Bb1 c4
15. h3 b5 16. O-O Rb8 17. Ng3 Be5 18. Rd1 Qb6 19. d6 a5 20. Kh1 Nd3 21. Bxd3
cxd3 22. Bxf6 Bxf6 23. Qxd3 Qxf2 24. Nge4 Qh4 25. Nxf6+ Qxf6 26. Rf1 Qg5 27.
Qf3 Be6 28. Rad1 Kh8 29. b3 Red8 30. Rfe1 b4 31. Na4 Rb5 32. d7 Rxd7 33. Rxd7
Bxd7 34. Qxf7 Bc6 35. Qf8+ Kh7 36. Qf2 Rf5 37. Qc2 Qg6 38. Rg1 Rh5 39. Qxg6+
Kxg6 40. Kh2 Bxa4 41. bxa4 Rc5 42. Rd1 Rc2 43. Rd6+ Kh7 44. Rd5 Rxa2 45. Rxa5
b3 1/2-1/2

[Event "ARG-World"]
[Site "Buenos Aires"]
[Date "1994.??.??"]
[Round "6"]
[White "Spangenberg, Hugo"]
[Black "Rodriguez Vila, Andres"]
[Result "1-0"]
[WhiteElo "2510"]
[BlackElo "2435"]
[PlyCount "67"]
[EventDate "1994.04.??"]
[EventType "schev"]
[EventRounds "10"]
[EventCountry "ARG"]
[SourceTitle "CBM 042"]
[Source "ChessBase"]
[SourceDate "1994.10.01"]
[SourceVersion "1"]
[SourceVersionDate "1994.10.01"]
[SourceQuality "1"]

1. Nf3 e6 2. g3 f5 3. Bg2 Nf6 4. O-O Be7 5. c4 d6 6. Nc3 O-O 7. d3 e5 8. b4 Qe8
9. Bb2 Qh5 10. c5 e4 11. cxd6 Bxd6 12. Nd4 e3 13. f4 Ng4 14. Nf3 a6 15. Qb3+
Kh8 16. Nd1 Nc6 17. a3 Qe8 18. Qc3 Rf7 19. h3 Nf6 20. Ne5 Bxe5 21. fxe5 Nh5 22.
Nxe3 Nxg3 23. Rf2 f4 24. Nf1 Be6 25. d4 Rd8 26. Nxg3 fxg3 27. Rxf7 Bxf7 28. e6
Nxd4 29. exf7 Qxf7 30. Kh1 Nxe2 31. Qe5 Re8 32. Qg5 c6 33. Rf1 Qd7 34. Qh5 1-0

[Event "ARG-World"]
[Site "Buenos Aires"]
[Date "1994.??.??"]
[Round "7"]
[White "Soppe, Guillermo"]
[Black "Rodriguez Vila, Andres"]
[Result "1-0"]
[WhiteElo "2430"]
[BlackElo "2435"]
[PlyCount "63"]
[EventDate "1994.04.??"]
[EventType "schev"]
[EventRounds "10"]
[EventCountry "ARG"]
[SourceTitle "CBM 042"]
[Source "ChessBase"]
[SourceDate "1994.10.01"]
[SourceVersion "1"]
[SourceVersionDate "1994.10.01"]
[SourceQuality "1"]

1. d4 e6 2. Nf3 Nf6 3. c4 c5 4. d5 b5 5. dxe6 fxe6 6. cxb5 Bb7 7. g3 Qa5+ 8.
Nc3 d5 9. Bd2 Qb6 10. a4 d4 11. a5 Qd8 12. Na4 Nbd7 13. Bg2 Rb8 14. O-O e5 15.
e3 Bd6 16. b4 Bxf3 17. Qxf3 cxb4 18. exd4 e4 19. Qf5 g6 20. Qe6+ Qe7 21. Qc4
Qf7 22. Qc6 Qe7 23. Bxe4 Kd8 24. Bg2 Rc8 25. Qf3 Rf8 26. b6 axb6 27. Nxb6 Nxb6
28. axb6 Nd7 29. Qg4 Rf5 30. Rfe1 Qf8 31. b7 Rb8 32. Qe2 1-0

[Event "ARG-World"]
[Site "Buenos Aires"]
[Date "1994.??.??"]
[Round "8"]
[White "Rodriguez Vila, Andres"]
[Black "Sorin, Ariel"]
[Result "1/2-1/2"]
[WhiteElo "2435"]
[BlackElo "2470"]
[PlyCount "88"]
[EventDate "1994.04.??"]
[EventType "schev"]
[EventRounds "10"]
[EventCountry "ARG"]
[SourceTitle "CBM 042"]
[Source "ChessBase"]
[SourceDate "1994.10.01"]
[SourceVersion "1"]
[SourceVersionDate "1994.10.01"]
[SourceQuality "1"]

1. e4 e5 2. Nf3 Nc6 3. Bb5 a6 4. Ba4 Nf6 5. d4 exd4 6. O-O Be7 7. Re1 b5 8. e5
Nxe5 9. Nxe5 bxa4 10. Qxd4 Rb8 11. Bg5 O-O 12. Nd2 Nd5 13. Bh6 Bf6 14. Qxd5 Rb5
15. Qf3 Rxe5 16. Be3 d5 17. Qg3 a3 18. bxa3 Rfe8 19. Nb3 Bh4 20. Qf3 Rf5 21.
Qd1 Rxe3 22. fxe3 Bf2+ 23. Kh1 Qh4 24. Rf1 Rf6 25. Rxf2 Qxf2 26. Rb1 h6 27. Nd4
c5 28. Nf3 Bg4 29. Qd3 Bf5 30. Qxd5 Rg6 31. Nh4 Rf6 32. Nxf5 Rxf5 33. Qd3 g6
34. h3 Kh7 35. e4 Rf4 36. e5 c4 37. Qd1 Re4 38. Qf1 Qxf1+ 39. Rxf1 Kg7 40. Rf6
Rxe5 41. Rxa6 Re2 42. Rc6 Rxc2 43. a4 c3 44. a3 Rd2 1/2-1/2

[Event "ARG-World"]
[Site "Buenos Aires"]
[Date "1994.??.??"]
[Round "9"]
[White "Tempone, Marcelo"]
[Black "Rodriguez Vila, Andres"]
[Result "0-1"]
[WhiteElo "2460"]
[BlackElo "2435"]
[PlyCount "124"]
[EventDate "1994.04.??"]
[EventType "schev"]
[EventRounds "10"]
[EventCountry "ARG"]
[SourceTitle "CBM 042"]
[Source "ChessBase"]
[SourceDate "1994.10.01"]
[SourceVersion "1"]
[SourceVersionDate "1994.10.01"]
[SourceQuality "1"]

1. Nf3 e6 2. g3 c5 3. c4 d5 4. Bg2 Nf6 5. O-O Nc6 6. cxd5 exd5 7. d4 cxd4 8.
Nxd4 Be7 9. Nc3 O-O 10. b3 Re8 11. Bb2 Bc5 12. Nxc6 bxc6 13. Na4 Bf8 14. Rc1
Bg4 15. Re1 Rc8 16. Nc5 Qa5 17. Nd3 Nd7 18. Bc3 Qa6 19. Qd2 h6 20. e4 dxe4 21.
Bxe4 c5 22. Nf4 Nf6 23. Bg2 Bf5 24. Qb2 c4 25. b4 Ne4 26. a3 Qa4 27. Nd5 Nxc3
28. Qxc3 Rxe1+ 29. Rxe1 Qb3 30. Rc1 Bd6 31. Bf1 Be6 32. Qd4 Qxa3 33. Rxc4 Rxc4
34. Qxc4 Qf3 35. Bg2 Qd1+ 36. Qf1 Qd2 37. Qb5 Qe1+ 38. Qf1 Bxb4 39. Qxe1 Bxe1
40. Kf1 Ba5 41. Ke2 Kf8 42. Kd3 Ke8 43. Kc4 Kd7 44. Kb5 Be1 45. f4 Kd6 46. Ne3
Bf2 47. Nc4+ Kc7 48. Nd2 Bd7+ 49. Ka6 Bc8+ 50. Kb5 a6+ 51. Kc4 Kb6 52. Bd5 f6
53. Ne4 Bg1 54. h4 Bh2 55. h5 Bg4 56. Bf7 Be2+ 57. Kd4 Bg1+ 58. Kc3 Kc6 59. Bc4
Bxc4 60. Kxc4 f5 61. Nd2 Bf2 62. Nf3 Kd6 0-1

[Event "ARG-World"]
[Site "Buenos Aires"]
[Date "1994.??.??"]
[Round "10"]
[White "Rodriguez Vila, Andres"]
[Black "Casafus, Ruben Andres"]
[Result "0-1"]
[WhiteElo "2435"]
[BlackElo "2430"]
[PlyCount "56"]
[EventDate "1994.04.??"]
[EventType "schev"]
[EventRounds "10"]
[EventCountry "ARG"]
[SourceTitle "CBM 042"]
[Source "ChessBase"]
[SourceDate "1994.10.01"]
[SourceVersion "1"]
[SourceVersionDate "1994.10.01"]
[SourceQuality "1"]

1. e4 e5 2. Nf3 Nf6 3. d4 Nxe4 4. Bd3 d5 5. Nxe5 Nd7 6. Nxd7 Bxd7 7. O-O Be7 8.
c4 c6 9. Re1 Nf6 10. Qb3 b6 11. Nc3 Be6 12. Bg5 O-O 13. Rad1 Re8 14. f4 h6 15.
Bh4 dxc4 16. Bxc4 Bxc4 17. Qxc4 Qd6 18. Re5 Ng4 19. Bxe7 Nxe5 20. fxe5 Qxe7 21.
Qxc6 Rac8 22. Qa4 Rcd8 23. Qb3 Qd7 24. h3 Kh8 25. Kh1 Re6 26. Rf1 Qxd4 27. Rxf7
Rxe5 28. Rf1 Qd2 0-1

[Event "Havana op"]
[Site "Havana"]
[Date "1994.??.??"]
[Round "1"]
[White "Rodriguez Vila, Andres"]
[Black "Barreras, Alberto"]
[Result "1-0"]
[WhiteElo "2435"]
[BlackElo "2315"]
[PlyCount "87"]
[EventDate "1994.04.??"]
[EventType "swiss"]
[EventRounds "9"]
[EventCountry "CUB"]
[SourceTitle "EXT 1997"]
[Source "ChessBase"]
[SourceDate "1996.11.15"]
[SourceVersion "1"]
[SourceVersionDate "1996.11.15"]
[SourceQuality "1"]

1. e4 e5 2. Nf3 Nc6 3. Bb5 f5 4. Bxc6 dxc6 5. Nc3 Nf6 6. Qe2 fxe4 7. Nxe4 Bg4
8. h3 Bxf3 9. Qxf3 Nxe4 10. Qxe4 Qd5 11. d3 Bc5 12. Bd2 O-O-O 13. f3 Kb8 14.
Ke2 Rhf8 15. Rhe1 Bd4 16. c3 Bb6 17. Bg5 Rd7 18. Qxd5 cxd5 19. Kd2 Rf5 20. Bh4
c5 21. Re2 Bc7 22. Rae1 Kc8 23. Kc2 Bd6 24. a3 Rh5 25. Bg3 e4 26. Bxd6 exd3+
27. Kxd3 Rxd6 28. Re8+ Kc7 29. R1e7+ Rd7 30. Rxd7+ Kxd7 31. Rg8 Rg5 32. g4 Rg6
33. f4 Ke7 34. f5 Kf7 35. Rb8 Rb6 36. b4 cxb4 37. axb4 a6 38. Kd4 Rb5 39. Rd8
h5 40. g5 a5 41. Rxd5 Rxd5+ 42. Kxd5 a4 43. Kc4 b5+ 44. Kd3 1-0

[Event "Havana op"]
[Site "Havana"]
[Date "1994.??.??"]
[Round "3"]
[White "Rodriguez Vila, Andres"]
[Black "Fernandez, Juan C"]
[Result "1/2-1/2"]
[WhiteElo "2435"]
[BlackElo "2395"]
[PlyCount "41"]
[EventDate "1994.04.??"]
[EventType "swiss"]
[EventRounds "9"]
[EventCountry "CUB"]
[SourceTitle "EXT 1997"]
[Source "ChessBase"]
[SourceDate "1996.11.15"]
[SourceVersion "1"]
[SourceVersionDate "1996.11.15"]
[SourceQuality "1"]

1. e4 e5 2. Nf3 Nc6 3. Bb5 d6 4. d4 Bd7 5. Nc3 exd4 6. Nxd4 g6 7. O-O Bg7 8.
Bxc6 bxc6 9. Bf4 Nf6 10. Qd2 O-O 11. Bh6 Re8 12. Bxg7 Kxg7 13. Rfe1 c5 14. Nb3
Bc6 15. f3 a5 16. Qd3 a4 17. Nd2 Nh5 18. Nc4 Nf4 19. Qd2 Qf6 20. Rad1 Rab8 21.
b3 1/2-1/2

[Event "Havana op"]
[Site "Havana"]
[Date "1994.??.??"]
[Round "4"]
[White "Elissalt Cardenas, Hector"]
[Black "Rodriguez Vila, Andres"]
[Result "1/2-1/2"]
[WhiteElo "2415"]
[BlackElo "2435"]
[PlyCount "20"]
[EventDate "1994.04.??"]
[EventType "swiss"]
[EventRounds "9"]
[EventCountry "CUB"]
[SourceTitle "EXT 1997"]
[Source "ChessBase"]
[SourceDate "1996.11.15"]
[SourceVersion "1"]
[SourceVersionDate "1996.11.15"]
[SourceQuality "1"]

1. e4 c5 2. g3 e6 3. Bg2 Nc6 4. d3 Nf6 5. f4 d5 6. e5 Nd7 7. Nf3 Be7 8. O-O O-O
9. c4 Nb6 10. b3 f5 1/2-1/2

[Event "Havana op"]
[Site "Havana"]
[Date "1994.??.??"]
[Round "6"]
[White "Garcia, Gildardo"]
[Black "Rodriguez Vila, Andres"]
[Result "1/2-1/2"]
[WhiteElo "2520"]
[BlackElo "2435"]
[PlyCount "36"]
[EventDate "1994.04.??"]
[EventType "swiss"]
[EventRounds "9"]
[EventCountry "CUB"]
[SourceTitle "EXT 1997"]
[Source "ChessBase"]
[SourceDate "1996.11.15"]
[SourceVersion "1"]
[SourceVersionDate "1996.11.15"]
[SourceQuality "1"]

1. e4 c5 2. Nf3 d6 3. d4 cxd4 4. Nxd4 Nf6 5. Nc3 a6 6. Bg5 e6 7. f4 Nc6 8. Qd2
h6 9. Bxf6 Qxf6 10. Nf3 Qd8 11. O-O-O Bd7 12. f5 Qa5 13. Bc4 Be7 14. Kb1 O-O-O
15. Rhe1 Kb8 16. Bb3 Bc8 17. Qf2 Bf6 18. fxe6 fxe6 1/2-1/2